<?xml version="1.0" encoding="UTF-8"?><?xml-stylesheet type="text/xsl" href="static/style.xsl"?><OAI-PMH xmlns="http://www.openarchives.org/OAI/2.0/" xmlns:xsi="http://www.w3.org/2001/XMLSchema-instance" xsi:schemaLocation="http://www.openarchives.org/OAI/2.0/ http://www.openarchives.org/OAI/2.0/OAI-PMH.xsd"><responseDate>2026-04-17T18:56:47Z</responseDate><request verb="GetRecord" identifier="oai:www.recercat.cat:2117/418453" metadataPrefix="marc">https://recercat.cat/oai/request</request><GetRecord><record><header><identifier>oai:recercat.cat:2117/418453</identifier><datestamp>2025-07-22T22:42:43Z</datestamp><setSpec>com_2072_1033</setSpec><setSpec>col_2072_452951</setSpec></header><metadata><record xmlns="http://www.loc.gov/MARC21/slim" xmlns:dcterms="http://purl.org/dc/terms/" xmlns:xsi="http://www.w3.org/2001/XMLSchema-instance" xmlns:doc="http://www.lyncode.com/xoai" xsi:schemaLocation="http://www.loc.gov/MARC21/slim http://www.loc.gov/standards/marcxml/schema/MARC21slim.xsd">
   <leader>00925njm 22002777a 4500</leader>
   <datafield ind2=" " ind1=" " tag="042">
      <subfield code="a">dc</subfield>
   </datafield>
   <datafield ind2=" " ind1=" " tag="720">
      <subfield code="a">Marquina Alonso De Porres, Carlota</subfield>
      <subfield code="e">author</subfield>
   </datafield>
   <datafield ind2=" " ind1=" " tag="260">
      <subfield code="c">2024-09-17</subfield>
   </datafield>
   <datafield ind2=" " ind1=" " tag="520">
      <subfield code="a">L’habitatge sol respondre directament a les situacions individuals i canviants de les persones en un moment i condicions específics. Però, què passaria si l’habitatge fos el que s’adaptés a les persones?&#xd;
&#xd;
El meu treball se centra en el disseny d’habitatges on les persones no només són usuàries, sinó que també participen en la creació dels seus espais habitables. Per a això, es pren com a referència el moviment de l’Open Building i, com a crític, la destacada figura de l’arquitecte N. John Habraken, conegut per la seva Teoria dels Suports, on proposa un sistema d’habitatge flexible que pugui admetre diverses variacions segons les necessitats dels qui el habiten. Es estudia aquesta teoria juntament amb una anàlisi gràfica per entendre els seus elements i característiques principals.&#xd;
&#xd;
Aquest model va marcar un abans i un després en la concepció de l’habitatge per a molts arquitectes del segle XX, i és per això que estudio la seva aplicació en diferents casos d’estudi amb diferents contextos i èpoques.&#xd;
&#xd;
Malgrat l’evolució de l’arquitectura al llarg dels anys, el model de suports continua sent una referència àmpliament utilitzada. No obstant això, em sorgeix la pregunta: Pot aquest sistema adaptar-se i trobar-se en altres variables?</subfield>
   </datafield>
   <datafield ind2=" " ind1=" " tag="520">
      <subfield code="a">La vivienda suele responder directamente a las situaciones individuales y cambiantes de las personas en un momento y condiciones específicos. Pero, ¿qué pasaría si la vivienda fuera la que se adaptara a las personas?&#xd;
&#xd;
Mi trabajo se enfoca en el diseño de las viviendas donde las personas no solo son usuarias, sino también participan en la creación de sus espacios habitables. Para ello, se toma como referencia el movimiento del Open Building y como crítico la destacada figura del arquitecto N. John Habraken, conocido por su Teoría de los Soportes, donde propone un sistema de vivienda flexible que pueda admitir diversas variaciones según las necesidades de quienes la habitan.&#xd;
Se estudia esta teoría junto con un análisis gráfico para entender sus elementos y características principales.&#xd;
&#xd;
Este modelo marcó un antes y un después en la concepción de la vivienda para muchos arquitectos del siglo XX y es por eso, que estudio su aplicación en diferentes casos de estudio con distintos contextos y épocas.&#xd;
&#xd;
A pesar de la evolución de la arquitectura a lo largo de los años, el modelo de soportes sigue siendo una referencia ampliamente utilizada. Sin embargo, me surge la pregunta: ¿Puede este sistema adaptarse y encontrarse en otras variables?</subfield>
   </datafield>
   <datafield ind2=" " ind1=" " tag="520">
      <subfield code="a">Housing usually responds directly to the individual and changing situations of people at a specific time and under specific conditions. But what would happen if the housing was the one that adapted to the people?&#xd;
&#xd;
My work focuses on the design of homes where people are not only users, but also participate in the creation of their living spaces. To do this, the Open Building movement is taken as a reference and the prominent figure N. John Habraken as a critic architect, known for his Theory of Supports, where he proposes a flexible housing system that can admit various variations according to the needs of those who they inhabit it.&#xd;
This theory is studied along with a graphic analysis to understand its main elements and characteristics.&#xd;
&#xd;
This model marked a before and after in the conception of housing for many architects of the 20th century and that is why I study its application in different case studies with different contexts and periods.&#xd;
&#xd;
Despite the evolution of the architecture over the years, the support model remains a widely used reference. However, the question arises: Can this system be adapted and found in other variables?</subfield>
   </datafield>
   <datafield tag="653" ind2=" " ind1=" ">
      <subfield code="a">Àrees temàtiques de la UPC::Arquitectura::Tipologies d'edificis::Habitatges</subfield>
   </datafield>
   <datafield tag="653" ind2=" " ind1=" ">
      <subfield code="a">Housing, Cooperative -- Europe</subfield>
   </datafield>
   <datafield tag="653" ind2=" " ind1=" ">
      <subfield code="a">Habraken, N. J. -- Criticism and interpretation</subfield>
   </datafield>
   <datafield tag="653" ind2=" " ind1=" ">
      <subfield code="a">Domestic space</subfield>
   </datafield>
   <datafield tag="653" ind2=" " ind1=" ">
      <subfield code="a">Arquitectura flexible</subfield>
   </datafield>
   <datafield tag="653" ind2=" " ind1=" ">
      <subfield code="a">Temporalidad</subfield>
   </datafield>
   <datafield tag="653" ind2=" " ind1=" ">
      <subfield code="a">Vivienda</subfield>
   </datafield>
   <datafield tag="653" ind2=" " ind1=" ">
      <subfield code="a">Flexibilidad</subfield>
   </datafield>
   <datafield tag="653" ind2=" " ind1=" ">
      <subfield code="a">Open building</subfield>
   </datafield>
   <datafield tag="653" ind2=" " ind1=" ">
      <subfield code="a">Cooperatives d'habitatges -- Europa</subfield>
   </datafield>
   <datafield tag="653" ind2=" " ind1=" ">
      <subfield code="a">Habraken, N. J. -- Crítica i interpretació</subfield>
   </datafield>
   <datafield tag="653" ind2=" " ind1=" ">
      <subfield code="a">Espai domèstic</subfield>
   </datafield>
   <datafield ind2="0" ind1="0" tag="245">
      <subfield code="a">Arquitectura flexible: a través de una vivienda colectiva abierta</subfield>
   </datafield>
</record></metadata></record></GetRecord></OAI-PMH>